| 000 | 00560nam a2200181Ia 4500 | ||
|---|---|---|---|
| 008 | 151018s9999 xx 000 0 und d | ||
| 082 |
_bRBASDV53226 _a891.463 |
||
| 100 | _aसुहास शिरवळकर | ||
| 245 | _aअज्ञात | ||
| 250 | _b1 | ||
| 260 | _bशब्दसन्मान प्रकाशन पुणे | ||
| 300 | _a139 | ||
| 600 | _aसुहास शिरवळकर | ||
| 630 | _aअज्ञात | ||
| 700 | _aसुहास शिरवळकर | ||
| 730 | _aअज्ञात | ||
| 942 | _cBOOK | ||
| 999 |
_c1051376 _d1051373 |
||